Flags of Not Independent Countries - Statistics

General Stats
  • This quiz has been taken 373 times
  • The average score is 8 of 15
Answer Stats
Picture Answer % Correct
Greenland
93%
Faroe Islands
87%
Cook Islands
62%
French Guiana
57%
New Caledonia
57%
Northern Cyprus
55%
Transnistria
51%
Guernsey
50%
Norfolk Island
50%
Aaland Islands
49%
South Ossetia
47%
Guadeloupe
44%
Montserrat
42%
Northern Mariana Islands
40%
Canary Islands
29%
No matching quizzes found
Score Distribution
Percent of People with Each Score
Percentile by Number Answered
Your Score History
You have not taken this quiz